000 01006nam a2200229 a 4500
001 000040964
005 20201002034519.0
008 130912s1984 sp abc 000 0 spa d
020 _a8400056620
040 _aDO-SdBNP
_bspa
_cBNPHU
100 1 _aGimenez Fernandez, Manuel
_d1896-1968.
_967394
245 1 0 _aBartolome de las casas /
_cManuel Giménez Fernández.
246 1 4 _aPolítica inicial de Carlos i en Indias
260 _aMadrid : , :
_bEscuela de Estudios Hispano-Americanos,
_c1984.
300 _av. :
_bil., lams., mapas, retrs. ;
_c25 cm.
500 _aReimpresión
504 _aIncluye bibliografías
504 _aIncluye referencias bibliográficas y notas al pie de las páginas
505 0 _av.1 :
_tDelegado de Cisneros para la reformación de la Indias (1516-1517). --
_gv. 2 :
_tCapellán de S. M. Carlos I poblador de Cumaná (1517-1523) --
710 2 _aEscuela de Estudios Hispano-Americanos,
_930487
710 2 _aConsejo Superior de Investigación Científicas (España)
_964047
999 _c40454
_d40454